Findout Animals (Record no. 11598)

MARC details
000 -LEADER
fixed length control field 00255nam a22000977a 4500
008 - FIXED-LENGTH DATA ELEMENTS--GENERAL INFORMATION
fixed length control field 190805b ||||| |||| 00| 0 eng d
020 ## - INTERNATIONAL STANDARD BOOK NUMBER
International Standard Book Number 9780241365717
100 ## - MAIN ENTRY--PERSONAL NAME
Personal name Mills Andrea
9 (RLIN) 7307
245 ## - TITLE STATEMENT
Title Findout Animals
260 ## - PUBLICATION, DISTRIBUTION, ETC. (IMPRINT)
Place of publication, distribution, etc. India
Name of publisher, distributor, etc. Penguin Random House
Date of publication, distribution, etc. 2018
Holdings
Withdrawn status Lost status Source of classification or shelving scheme Damaged status Koha normalized classification for sorting Not for loan Home library Current library Shelving location Date acquired Total Checkouts Full call number Barcode Date last seen Price effective from Koha item type
    Dewey Decimal Classification   500_000000000000000   Good Samaritan School Library Good Samaritan School Library Science 08/05/2019   500 MIL15504 08/05/2019 08/05/2019 BOOK
    Dewey Decimal Classification   500_000000000000000   Good Samaritan School Library Good Samaritan School Library Science 08/05/2019   500 MIL15505 08/05/2019 08/05/2019 BOOK
    Dewey Decimal Classification   500_000000000000000   Good Samaritan School Library Good Samaritan School Library Science 08/05/2019   500 MIL15506 08/05/2019 08/05/2019 BOOK
    Dewey Decimal Classification   500_000000000000000   Good Samaritan School Library Good Samaritan School Library Science 08/05/2019   500 MIL15507 08/05/2019 08/05/2019 BOOK
    Dewey Decimal Classification   500_000000000000000   Good Samaritan School Library Good Samaritan School Library Science 08/05/2019   500 MIL15508 08/05/2019 08/05/2019 BOOK
    Dewey Decimal Classification   500_000000000000000   Good Samaritan School Library Good Samaritan School Library Science 08/05/2019   500 MIL15509 08/05/2019 08/05/2019 BOOK
    Dewey Decimal Classification   500_000000000000000   Good Samaritan School Library Good Samaritan School Library Science 08/05/2019   500 MIL15510 08/05/2019 08/05/2019 BOOK

Powered by Koha